000 00770nam a2200253Ia 4500
003 OSt
005 20220918220617.0
006 a|||||r|||| 00| 0
007 ta
008 220917b |||||||| |||| 00| 0 eng d
024 _a146,518
037 _cTextual
040 _aARTS
_cARTS
_beng
041 _2eng
_aeng
082 _aY31.2, L4
100 _aMaine Henry Summer
245 0 _aVillage -communities in the East and West
260 _aNew York
_bArno press
_c1974
300 _axii 413p illus
_ccm.
490 _aperspectives in social inquiry: Classics, staples and precursors in sociology ed by Robert K Merton and Aron halberstam
650 _aSOCIOLOGY
942 _hY31.2, L4
_cTEXL
_2CC
999 _c269274
_d269274